Statystyki dla Państwa w top 10 klasyfikacji medalowej Igrzysk Olimpijskich

Kliknij tutaj aby rozwiązać quiz!

Ogólne statystyki

  • Ten quiz został rozwiązany 195 razy
  • Średni wynik to 29 z 37

Statystyki odpowiedzi

Miejsc w TOP 10KrajNajlepszy wynik% Poprawnych
50 (lato x27, zima x23)Stany Zjednoczone1. (lato x17 / zima x1)
99%
5 (lato x5)Polska6. (1976 Montreal)
97%
34 (lato x21, zima x13)Francja1. (1900 Paryż)
96%
11 (lato x6, zima x5)Rosja1. (1994 Lillehammer, 2014 Soczi)
96%
9 (lato x8, zima x1)Chiny1. (2008 Pekin)
95%
33 (lato x18, zima x15)Niemcy1. (1936 Berlin / 1992 Albertville, 1998 Nagano, 2006 Turyn)
95%
22 (lato x5, zima x17)Kanada1. (2010 Vancouver)
94%
28 (lato x10, zima x18)Szwecja1. (1948 St. Moritz)
94%
13 (lato x12, zima x1)Japonia3. (1964 Tokio, 1968 Meksyk)
93%
26 (lato x5, zima x21)Norwegia1. (zima x8)
93%
22 (lato x18, zima x4)Wielka Brytania1. (1908 Londyn)
92%
35 (lato x22, zima x13)Włochy2. (1932 Los Angeles)
92%
16 (lato x16)Australia3. (1956 Melbourne)
89%
24 (lato x8, zima x16)Finlandia2. (1924 Paryż / 1924 Chamonix)
89%
1 (lato x1)Hiszpania6. (1992 Barcelona)
89%
14 (lato x8, zima x6)Korea Południowa4. (1988 Seul)
86%
2 (lato x2)Grecja2. (1896 Ateny)
85%
24 (lato x2, zima x22)Austria2. (1956 Cortina d'Ampezzo, 1964 Innsbruck)
83%
23 (lato x6, zima x17)Szwajcaria3. (1948 St. Moritz, 1972 Sapporo, 1988 Calgary)
80%
19 (lato x5, zima x14)Holandia4. (1972 Sapporo)
79%
7 (lato x4, zima x3)Belgia4. (1900 Paryż)
77%
20 (lato x10, zima x10)ZSRR / WNP1. (lato x7 / zima x7)
76%
4 (lato x4)Dania9. (1896 Ateny)
75%
1 (lato x1)Ukraina9. (1996 Atlanta)
75%
2 (lato x2)Turcja6. (1960 Rzym)
70%
21 (lato x19, zima x2)Węgry3. (1936 Berlin, 1952 Helsinki)
69%
1 (lato x1)Jugosławia9. (1984 Los Angeles)
66%
5 (lato x5)Rumunia2. (1984 Los Angeles)
66%
1 (lato x1)Afryka Południowa7. (1912 Sztokholm)
63%
11 (lato x5, zima x6)NRD1. (1984 Sarajewo)
62%
1 (lato x1)Nowa Zelandia8. (1984 Los Angeles)
60%
6 (lato x5, zima x1)Czechosłowacja6. (1952 Helsinki)
59%
4 (lato x4)Bułgaria3. (1980 Moskwa)
56%
1 (zima x1)Białoruś8. (2014 Soczi)
54%
10 (lato x5, zima x5)RFN3. (1984 Los Angeles)
52%
6 (lato x6)Kuba3. (1904 St. Louis)
43%
1 (zima x1)Liechtenstein6. (1980 Lake Placid)
15%

Rozkład punktacji

Percentyl według liczby udzielonych odpowiedzi

Procent ludzi z każdym wynikiem

Twoja historia wyników

Nie rozwiązałeś tego quizu